Земельные участки и иные объекты недвижимости. Упрощенный порядок оформления прав

Sonraí bibleagrafaíochta
Príomhchruthaitheoir: Жогов Д. Ю. Дмитрий Юрьевич
Údar corparáideach: Российская академия правосудия
Rannpháirtithe: Малета С. Е. Сергей Евгеньевич, Малета С. В. Светлана Валериевна
Achoimre:Исключено из фонда НТБ ТПУ
Teanga:Rúisis
Foilsithe / Cruthaithe: Москва, Эксмо, 2009
Eagrán:2-е изд., перераб. и доп.
Sraith:Новейший юридический справочник
Formáid: MixedMaterials LEABHAR
KOHA link:https://koha.lib.tpu.ru/cgi-bin/koha/opac-detail.pl?biblionumber=182261

MARC

LEADER 00000nam0a2200000 4500
001 182261
005 20231031171256.0
010 |a 9785699366095 
035 |a (RuTPU)RU\TPU\book\197593 
090 |a 182261 
100 |a 20100618d2009 km y0rusy50 ca 
101 0 |a rus 
102 |a RU 
105 |a y g 001zy 
200 1 |a Земельные участки и иные объекты недвижимости. Упрощенный порядок оформления прав  |f Д. Ю. Жогов, С. Е. Малета, С. В. Малета  |g Российская академия правосудия 
205 |a 2-е изд., перераб. и доп. 
210 |a Москва  |c Эксмо  |d 2009 
215 |a 240 с. 
225 1 |a Новейший юридический справочник 
333 |a Исключено из фонда НТБ ТПУ 
700 1 |a Жогов  |b Д. Ю.  |g Дмитрий Юрьевич 
701 1 |a Малета  |b С. Е.  |g Сергей Евгеньевич 
701 1 |a Малета  |b С. В.  |g Светлана Валериевна 
712 0 2 |a Российская академия правосудия 
801 1 |a RU  |b 63413507  |c 20100618 
801 2 |a RU  |b 63413507  |c 20220621  |g RCR 
942 |c BK 
959 |a 43/20100617  |d 1  |e 169,23  |f ЧЗГЛ:1